000 01043nam a22003377a 4500
001 BR2016000318
003 BR-BrBNA
005 20230928104803.0
007 ta
008 230509b bl.||||| |||| 00| 0 por d
040 _aBR-BrBNA
_bpor
_cBiblioteca Nacional de Agricultura
041 _a(Por)
072 _aN20
_b4510
090 _ 4510 BR2016000318
100 1 _aPaula, V.R. de
110 1 _aUniversidade Federal de Lavras, MG (Brasil)
_0Tese (Doutorado)
245 1 _aViabilidade operacional do uso da energia elétrica como fonte de potência em tratores agrícolas
260 3 _aLavras, MG (Brasil):
_c2014.
300 _a101 p.
500 _aSummaries (Eng, Por); Bibliography p. 92-101; 31 illus.; 13 tables
650 _aTRATOR
650 _aENERGIA ELÉTRICA
650 _aCUSTO OPERACIONAL
650 _aANÁLISE ECONÔMICA
650 _aPERFORMANCE
650 _aIMPACTO AMBIENTAL
650 _aENGENHARIA AGRÍCOLA
650 _aMODELO MATEMÁTICO
909 _a202309
_bLucia
_c55
_dLucia Elande
942 _cBK
999 _c81756
_d81756